| 000 | 00558nam a22001817a 4500 | ||
|---|---|---|---|
| 999 |
_c60674 _d60674 |
||
| 005 | 20231005164449.0 | ||
| 008 | 231005s1992 gw ||||| |||| 00| 0 ger d | ||
| 020 | _a3805314159 | ||
| 041 | _ager | ||
| 080 | _a902/904 K-70 | ||
| 100 |
_a Kolb, Barbara _920006 |
||
| 245 |
_aLykien : _bGeschichte Lykiens im Altertum / _cFrank Kolb, Barbara Kupke. |
||
| 264 |
_aMainz, _c1992. |
||
| 300 |
_a80 p. : _bill.; _c30 cm. |
||
| 653 | _aლიკიის ისტორია | ||
| 700 |
_aKupke, Barbara _eრედაქტორი _920007 |
||
| 942 |
_2udc _cBK |
||